| 000 | 00377nam a22001217a 4500 | ||
|---|---|---|---|
| 008 | 131202b xxu||||| |||| 00| 0 eng d | ||
| 050 | _aBT121.2.B959 | ||
| 100 |
_aBurke, John _94519 |
||
| 245 |
_aThe Holy Spirit _bReflections for Committed Christians _c John Burke |
||
| 260 |
_aNairobi _bPaulines Publications Africa _c1998 |
||
| 300 |
_a56p.; _c21cm. |
||
| 942 |
_2lcc _cMONOGRAPH |
||
| 999 |
_c118878 _d118878 |
||